000 01839nam0a2200337 4500
001 RU\NLR\bibl\198039
005 20260407093612.0
035 _a(NLR Aleph) 000194464
090 _a1125508
_c1125508
100 _a20011029d1997 |||y0rusy50 ca
101 0 _arus
_aeng
102 _aRU
105 _ay |||||||||
200 1 _aТермины и понятия геолого-экономической оценки месторождений
_eАнгл.-рус. толковый слов.
_e[Ок. 1000 терминов]
_fМ-во природ. ресурсов Рос. Федерации, Центр. науч.-исслед. геол.-развед. ин-т цв. и благород. металлов (ЦНИГРИ)
_g[Лариса Филипповна Мызенкова, Игорь Александрович Августинчик
_gПод ред. Б.И. Беневольского]
210 _aМ.
_cГеоинформмарк
_d1997
215 _a79,[1] с.
_d22
320 _aБиблиогр.: с. 78-79 (21 назв.)
606 0 _aПолезные ископаемые
_jСловари
_xМесторождения
_xОценка экономическая
_xТерминология
_92225734
_3RU\NLR\auth\661336171
686 _aД446.0к94
686 _aШ143.21-491терм
702 1 _aМызенкова
_bЛ. Ф.
_gЛариса Филипповна
_4220
702 1 _aБеневольский
_bБ. И.
_4340
712 0 2 _4570
_aЦентральный научно-исследовательский горно-разведочный институт
_cМосква
_3RU\NLR\AUTH\889917189
_9330550
801 0 _aRU
_bNLR
_c20011029
_gPSBO
801 1 _aRU
_bNLR
_c20011029
852 _aNLR
_jС К-2/8394
942 _cBOOK
980 _aNB